Statistics for All Cities in Canada on a Map

Click here to take the quiz!

General Stats

  • This quiz has been taken 3,869 times
  • The average score is 31 of 164

Answer Stats

Province Pop Cities % Correct
ON2.73 mToronto
96%
BC631 kVancouver
93%
ON934 kOttawa
87%
AB1.26 mCalgary
83%
AB972 kEdmonton
82%
MB705 kWinnipeg
74%
BC85.7 kVictoria
64%
NT19.1 kYellowknife
60%
SK246 kSaskatoon
60%
SK215 kRegina
59%
NL108 kSt. John's
59%
NB67.5 kSaint John
59%
ON383 kLondon
57%
YT25.0 kWhitehorse
50%
ON536 kHamilton
49%
ON217 kWindsor
46%
ON107 kThunder Bay
45%
ON88.0 kNiagara Falls
43%
ON721 kMississauga
42%
ON73.3 kSault Ste. Marie
35%
PE36.0 kCharlottetown
31%
ON123 kKingston
30%
NB58.2 kFredericton
29%
ON233 kKitchener
29%
ON161 kGreater Sudbury
28%
BC517 kSurrey
28%
BC127 kKelowna
27%
ON593 kBrampton
27%
AB101 kRed Deer
26%
NB71.8 kMoncton
26%
BC198 kRichmond
26%
BC90.2 kKamloops
26%
AB63.9 kMedicine Hat
24%
NU7.7 kIqaluit
24%
BC232 kBurnaby
24%
ON159 kOshawa
24%
ON133 kSt. Catharines
23%
ON141 kBarrie
22%
BC90.5 kNanaimo
22%
BC74.0 kPrince George
22%
AB101 kLethbridge
21%
SK33.8 kMoose Jaw
21%
ON131 kGuelph
21%
ON104 kWaterloo
21%
BC141 kAbbotsford
20%
MB48.8 kBrandon
20%
ON81.0 kPeterborough
19%
ON328 kMarkham
19%
ON71.5 kSarnia
19%
BC52.8 kNorth Vancouver
19%
ON306 kVaughan
18%
BC12.2 kPrince Rupert
18%
ON183 kBurlington
17%
ON51.5 kNorth Bay
17%
ON129 kCambridge
16%
BC139 kCoquitlam
16%
ON41.7 kTimmins
15%
ON36.7 kBrant
15%
AB69.0 kGrande Prairie
15%
BC83.7 kChilliwack
15%
ON91.7 kPickering
14%
ON97.4 kBrantford
14%
BC102 kDelta
14%
BC33.7 kPenticton
14%
SK35.9 kPrince Albert
14%
BC40.1 kVernon
14%
ON46.5 kCornwall
14%
ON50.7 kBelleville
14%
BC25.8 kLangley
14%
BC19.9 kWhite Rock
13%
MB4.9 kFlin Flon
13%
AB19.7 kLloydminster
13%
ON15.0 kKenora
13%
ON195 kRichmond Hill
13%
AB70.5 kAirdrie
12%
BC70.9 kNew Westminster
12%
BC10.5 kNelson
12%
NL19.8 kCorner Brook
11%
BC20.0 kCranbrook
11%
BC20.1 kFort St. John
11%
MB13.6 kThompson
11%
SK16.6 kSwift Current
11%
BC58.6 kPort Coquitlam
11%
BC82.2 kMaple Ridge
11%
ON31.4 kStratford
10%
PE14.8 kSummerside
10%
ON52.2 kWelland
10%
NB16.5 kEdmundston
10%
AB66.0 kSt. Albert
10%
BC17.7 kSalmon Arm
10%
ON31.1 kOrillia
10%
ON21.3 kOwen Sound
10%
BC33.5 kPort Moody
10%
BC12.1 kDawson Creek
10%
BC25.5 kCourtenay
10%
BC32.5 kCampbell River
10%
BC4.9 kDuncan
10%
BC17.6 kPort Alberni
10%
AB14.4 kBrooks
9%
SK14.3 kNorth Battleford
9%
NB11.8 kBathurst
9%
BC11.6 kTerrace
9%
ON7.7 kDryden
9%
BC7.5 kRevelstoke
9%
MB13.3 kPortage la Prairie
9%
SK16.3 kYorkton
9%
AB32.4 kLeduc
9%
ON21.3 kBrockville
9%
ON38.9 kSt. Thomas
9%
ON40.9 kWoodstock
9%
ON24.7 kPrince Edward County
9%
BC10.7 kWilliams Lake
8%
SK11.4 kEstevan
8%
AB35.7 kSpruce Grove
8%
BC9.8 kQuesnel
8%
AB26.3 kFort Saskatchewan
8%
BC12.5 kParksville
8%
MB8.3 kDauphin
8%
BC8.0 kCastlegar
8%
BC7.7 kTrail
8%
ON13.8 kPembroke
8%
NB6.8 kCampbellton
8%
AB15.7 kCold Lake
8%
BC5.2 kFernie
8%
ON75.4 kKawartha Lakes
8%
BC18.5 kPitt Meadows
8%
NB17.5 kMiramichi
8%
MB10.2 kSelkirk
8%
BC7.1 kMerritt
7%
BC7.4 kKimberley
7%
SK5.8 kHumboldt
7%
ON64.0 kNorfolk County
7%
MB8.6 kMorden
7%
BC4.0 kGrand Forks
7%
AB18.0 kCamrose
7%
NB25.3 kDieppe
7%
SK10.8 kWeyburn
7%
NL23.1 kMount Pearl
7%
MB15.8 kSteinbach
7%
BC35.3 kLangford
7%
BC32.6 kWest Kelowna
7%
MB12.6 kWinkler
7%
AB20.7 kChestermere
7%
AB13.0 kLacombe
7%
BC13.1 kPowell River
7%
AB18.8 kBeaumont
6%
BC5.1 kArmstrong
6%
SK4.5 kMelville
6%
ON18.8 kThorold
6%
BC16.8 kColwood
6%
BC3.7 kRossland
6%
BC2.9 kEnderby
6%
SK5.3 kMeadow Lake
6%
ON18.3 kPort Colborne
6%
SK5.9 kMelfort
6%
ON24.5 kClarence-Rockland
6%
ON10.7 kElliot Lake
6%
ON43.5 kQuinte West
6%
AB12.6 kWetaskiwin
6%
SK9.6 kMartensville
6%
SK11.0 kWarman
6%
BC665Greenwood
6%
ON45.6 kHaldimand County
5%
ON9.9 kTemiskaming Shores
5%

Score Distribution

Percentile by Number Answered

Percent of People with Each Score

Your Score History

You have not taken this quiz